00493 2200181 4500001002100000005001500021035002000036245005700056100002100113250000600134300003700140260004400177082001000221084001600231020001800247650002900265990001700294INLIS00000000000073620190219010137 a0010-02190000471 aCara Membuat Tape dan Brem Padat /cIr. Lily Mariana0 aIr. Lily Mariana a- aviii, 38 hlm. :bilus. ;c21 cm. aJakarta :bPT Musi Perkasa Utama,c2005 a640.4 a640.4 Lil c a979-651-159-2 aTeknik Pembuatan Makanan a02763/H/2018